La potencia plebeya: acción colectiva e identidades indígenas, obreras y populares en Bolivia
Guardat en:
| Autor principal: | |
|---|---|
| Format: | Llibre |
| Idioma: | espanyol |
| Publicat: |
Buenos Aires
Prometeo Libros
2008
|
| Edició: | 1a. ed |
| Col·lecció: | Colección Pensamiento Crítico Latinoamericano
|
| Matèries: | |
| Etiquetes: |
Afegir etiqueta
Sense etiquetes, Sigues el primer a etiquetar aquest registre!
|
MARC
| LEADER | 00000nam a2200000 a 4500 | ||
|---|---|---|---|
| 001 | UCG4265 | ||
| 003 | CL-VaPUC | ||
| 008 | 101021e20080000AG |||||||||||||||||spa|d | ||
| 020 | |a 9789875742734 | ||
| 082 | 0 | 4 | |a 331.88089 |b GAR |2 21 |
| 100 | |a García Linera, Álvaro |e autor |9 553626 | ||
| 245 | 1 | 3 | |a La potencia plebeya: acción colectiva e identidades indígenas, obreras y populares en Bolivia |
| 250 | |a 1a. ed | ||
| 300 | |a 412 p | ||
| 942 | |c BK | ||
| 945 | |d 20101021 00:00:00 |a mfarfan | ||
| 260 | |a Buenos Aires |b Prometeo Libros |c 2008 | ||
| 650 | 7 | |a SINDICALISMO |2 CL-VaPUC |9 553627 | |
| 650 | 0 | |a Procesos sociales |9 337802 | |
| 650 | 0 | |a Acción social |9 307836 | |
| 651 | 0 | |a Bolivia |9 255454 | |
| 651 | 0 | |a Latinoamérica |9 316393 | |
| 583 | |a last modification |c 20101021 00:00:00 |k Rodrigo Vera | ||
| 490 | 0 | |a Colección Pensamiento Crítico Latinoamericano | |
| 999 | |c 343086 |d 343084 | ||
| 952 | |0 0 |1 0 |4 0 |6 331_880890000000000_GAR_2008 |7 0 |8 A |9 440062 |a BIBCUR |b BIBCUR |d 2019-11-22 |i 4728025 |o 331.88089 GAR 2008 |p 4728025 |r 2025-04-22 |w 2019-11-22 |y BK |k MGC | ||